[Event "Doeberl Cup Minor 43rd"]
[Site "Canberra"]
[Date "2005.03.25"]
[Round "2"]
[White "Went, Lindsay"]
[Black "Yi, Yuan"]
[Result "0-1"]
[WhiteElo "1469"]
[BlackElo "1253"]
[PlyCount "42"]
[EventDate "2005.03.25"]
[EventType "swiss"]
[EventRounds "7"]
[EventCountry "AUS"]
[SourceTitle "EXT 2009"]
[Source "ChessBase"]
[SourceDate "2008.11.26"]
[SourceVersion "1"]
[SourceVersionDate "2008.11.26"]
[SourceQuality "1"]

1. e4 e5 2. Nf3 Nc6 3. Bc4 Nf6 4. Ng5 d5 5. exd5 Na5 6. Bb5+ c6 7. dxc6 bxc6 8. Be2 h6 9. Nf3 e4 10. Ne5 Bc5 11. c3 Bd6 12. d4 exd3 13. Nxd3 0-0 14. 0-0 Qc7 15. h3 Re8 16. b4 Nb7 17. Bf3 Bf5 18. Nb2 Rad8 19. Qa4 Ne4 20. Nc4 Bh2+ 21. Kh1 Nxf2+ 0-1